000 00542nam a2200193Ia 4500
005 20250508165822.0
008 008 250505s9999 xx 000 0 eng d
037 _aDissertations
040 _aFEDL
_beng
_cFEDL
041 _aeng
_2eng
084 _a371.1, SHA/DI
_qFEDL
100 _aSharma Sonal
245 0 _aPerceptions of teachers on reading aloud to children
260 _c2017
300 _a66p.
546 _aM.Ed. Dissertation, (Delhi University)
942 _cDIS
_h371.1, SHA/DI
999 _c1397646
_d1397646